LEADER 02685nam 2200649Ia 450 001 9910953976303321 005 20251214174515.0 010 $a9781593271589 010 $a1593271581 035 $a(CKB)1000000000298481 035 $a(EBL)273485 035 $a(OCoLC)568026287 035 $a(SSID)ssj0000278607 035 $a(PQKBManifestationID)11222993 035 $a(PQKBTitleCode)TC0000278607 035 $a(PQKBWorkID)10246217 035 $a(PQKB)10802134 035 $a(Au-PeEL)EBL273485 035 $a(CaPaEBR)ebr10170950 035 $a(Au-PeEL)EBL6097404 035 $a(OCoLC)1129355541 035 $a(CaSebORM)9781593271428 035 $a(MiAaPQ)EBC273485 035 $a(MiAaPQ)EBC6097404 035 $a(OCoLC)173959577 035 $a(OCoLC)ocm173959577 035 $a(iGPub)NOSTARCHB0000015 035 $a(EXLCZ)991000000000298481 100 $a20070227d2007 uy 0 101 0 $aeng 135 $aur|n|---||||| 181 $ctxt 182 $cc 183 $acr 200 10$aDesigning BSD rootkits $ean introduction to kernel hacking /$fJoseph Kong 205 $a1st edition 210 $aSan Francisco $cNo Starch Press$d2007 215 $a1 online resource (164 p.) 300 $aIncludes index. 311 08$a9781593271428 311 08$a1593271425 320 $aIncludes bibliographical references and index. 327 $aAcknowledgments; Foreword; Introduction; 1: Loadable Kernel Modules; 2: Hooking; 3: Direct Kernel Object Manipulation; 4: Kernel Object Hooking; 5: Run-Time Kernel Memory Patching; 6: Putting It All Together; 7: Detection; Closing Words; Bibliography; Index; Updates 330 $aDesigning BSD Rootkits introduces the fundamentals of programming and developing rootkits under the FreeBSD operating system. In addition to explaining rootkits and rootkit writing, the book aims to inspire readers to explore the FreeBSD kernel and gain a better understanding of the kernel and the FreeBSD operating system itself. Unlike titles on exploit writing or how to gain root access to a system, Designing BSD Rootkits focuses on maintaining root access long after gaining access to a computer. Written in a friendly, accessible style and sprinkled with geek humor and pop culture references 606 $aFree computer software 606 $aOperating systems (Computers) 615 0$aFree computer software. 615 0$aOperating systems (Computers) 676 $a005.3 700 $aKong$b Joseph$01787745 801 0$bMiAaPQ 801 1$bMiAaPQ 801 2$bMiAaPQ 906 $aBOOK 912 $a9910953976303321 996 $aDesigning BSD rootkits$94321576 997 $aUNINA